00300nam a2200133Ia 4500003000400000005001700004008004100021020001800062040001000080100002000090245003500110260001200145260000900157OSt20240101100616.0170524s9999 xx 000 0 und d a9788177583533 cIIMTU aLiao- Samuel Y. 0aMicrowave Devices and Circuits bPearson c2009